| 000 | 00521nam a2200181 a 4500 | ||
|---|---|---|---|
| 005 | 20140310183206.0 | ||
| 008 | 030123s19uu xx 00 eng d | ||
| 050 |
_aTS 155 _b.Ad193 1996 |
||
| 100 | _aAdam, Everett Jr. E. | ||
| 245 |
_aProductions operations management / _cEverett E. Adam Jr. |
||
| 260 |
_aSingapore : _bPrentice Hall, _c1996. |
||
| 300 |
_a729 p. : _bill. ; _c28 cm. |
||
| 521 | _aBSBA | ||
| 650 | _aProduction Management | ||
| 650 | _aFactory Management | ||
| 942 |
_cBK _2lcc _kFOR |
||
| 999 |
_c19995 _d19995 |
||